Encuentro sobre Prehistoria Vasca: presente y futuro (Record no. 179621)

MARC details
000 -LEADER
campo de control de longitud fija 01448nam a2200313 i 4500
001 - NÚMERO DE CONTROL
campo de control 179621
003 - IDENTIFICADOR DE NÚMERO DE CONTROL
campo de control ES-MaACL
005 - FECHA Y HORA DE LA ÚLTIMA TRANSACCIÓN
campo de control 20250902090036.0
008 - DATOS DE LONGITUD FIJA--INFORMACIÓN GENERAL
campo de control de longitud fija 111226s2010 sp abd |||| | spa d
020 ## - NÚMERO INTERNACIONAL ESTÁNDAR DEL LIBRO
Número Internacional Estándar del Libro 978-84-89318-19-9
080 ## - NÚMERO DE LA CLASIFICACIÓN DECIMAL UNIVERSAL
Número de la Clasificación Decimal Universal 903(460.15)(063)
080 ## - NÚMERO DE LA CLASIFICACIÓN DECIMAL UNIVERSAL
Número de la Clasificación Decimal Universal 811.361'373.6(063)
111 2# - ENTRADA PRINCIPAL--NOMBRE DE CONGRESO/REUNIÓN
Nombre de congreso/reunión o jurisdicción como elemento de entrada Encuentro sobre Prehistoria Vasca: presente y futuro (
Número del congreso/reunión o número de parte o sección 1º.
Fecha del congreso o de la firma del tratado 2009.
Sede del congreso/Lugar de la reunión El Escorial)
9 (RLIN) 148850
245 10 - MENCIÓN DEL TÍTULO
Título Encuentro sobre Prehistoria Vasca: presente y futuro
Resto del título : actas : El Escorial, 9 de mayo de 2009 /
Mención de responsabilidad, etc. [responsable de la edición, Íñigo López de Uralde Garmendia].
260 ## - PUBLICACIÓN, DISTRIBUCIÓN, ETC.
Lugar de publicación, distribución, etc. Madrid :
Nombre del editor, distribuidor, etc. Delegación en Corte de la R.S.B.A.P.,
Fecha de publicación, distribución, etc. [2010]
300 ## - DESCRIPCIÓN FÍSICA
Extensión 175 p. :
Otras características físicas il., gráf., mapas ;
Dimensiones 21 cm.
490 1# - MENCIÓN DE SERIE
Mención de serie Nuevos extractos ;
Designación de volumen o secuencia 1
505 8# - NOTA DE CONTENIDO CON FORMATO
Nota de contenido con formato Contiene: 1ª ;
Título Lingüística. 2ª ;
-- Antropogenética. 3ª ;
-- Arqueología
546 ## - NOTA DE IDIOMA
Nota de lengua/lenguaje Texto en castellano; introducción en castellano y vasco.
650 #4 - PUNTO DE ACCESO ADICIONAL DE MATERIA--TÉRMINO DE MATERIA
Término de materia o nombre geográfico como elemento de entrada Lengua vasca-
Subdivisión de forma Congresos y asambleas.
9 (RLIN) 148851
650 #4 - PUNTO DE ACCESO ADICIONAL DE MATERIA--TÉRMINO DE MATERIA
Término de materia o nombre geográfico como elemento de entrada Lengua vasca-
Subdivisión general Etimología.
9 (RLIN) 148852
651 #4 - PUNTO DE ACCESO ADICIONAL DE MATERIA--NOMBRE GEOGRÁFICO
Nombre geográfico País Vasco-
Subdivisión general Historia-
Subdivisión cronológica Época prehistórica-
Subdivisión de forma Congresos y asambleas.
9 (RLIN) 148855
700 1# - ENTRADA AGREGADA--NOMBRE PERSONAL
Nombre de persona López de Uralde, Íñigo.
9 (RLIN) 145658
710 2# - ENTRADA AGREGADA--NOMBRE DE ENTIDAD CORPORATIVA
Nombre de entidad corporativa o nombre de jurisdicción como elemento de entrada Real Sociedad Bascongada de los Amigos del País.
Unidad subordinada Delegación en Corte
9 (RLIN) 6371
830 0# - PUNTO DE ACCESO ADICIONAL DE SERIE-TÍTULO UNIFORME
Título uniforme Nuevos extractos ;
Designación de volumen o secuencia 1
9 (RLIN) 192009
852 ## - LOCALIZACIÓN
Ubicación ES-MaACL
Número de control de estantería A-11760
itemnumber 186518
Sublocalización o colección R.146530
Ubicación en estantería Depósito 1
Signatura antigua Olim: N-4765
942 ## - ELEMENTOS DE ENTRADA SECUNDARIOS (KOHA)
Fuente del sistema de clasificación o colocación Clasificación decimal universal
Tipo de ítem Koha Libro impreso
Holdings
Estatus retirado Estado de pérdida Fuente del sistema de clasificación o colocación Estado de daño No para préstamo Biblioteca de origen Biblioteca actual Ubicación en estantería Fecha de adquisición Fuente de adquisición Total de préstamos Signatura topográfica completa Código de barras Visto por última vez Precio de reemplazo Tipo de ítem Koha
    Clasificación decimal universal     Biblioteca del Ateneo de Madrid Biblioteca del Ateneo de Madrid Depósito 1 26/12/2011 Donación   A-11760 1188695 23/02/2023 23/02/2023 Libro impreso